Digital computer design

Salvato in:
Dettagli Bibliografici
Autore principale: Kline, Raymond M. (Autore)
Natura: Libro
Lingua:inglese
Pubblicazione: Englewood Cliffs : Prentice Hall, 1977
Tags: Aggiungi Tag
Nessun Tag, puoi essere il primo ad aggiungerne!!

MARC

LEADER 00000nam a22000003a 4500
001 stu202063
005 20150617225738.9
008 100408s1977----xxu-----------------eng-d
040 |a STU  |b slo 
041 0 |a eng 
044 |a xxu 
080 |a 681.32 
100 1 |a Kline, Raymond M.  |4 aut 
245 1 |a Digital computer design 
260 |a Englewood Cliffs :  |b Prentice Hall,  |c 1977 
300 |a 12, 429 s 
996 |b E40497  |c E*40497  |l EE01  |s A  |a 24  |w stu202063_0001